000 00394nam a2200157Ia 4500
005 20250529031935.0
008 240331s9999 xx 000 0 und d
020 _a13919148
082 _bPAT
_a303
100 _aPerera, S
245 0 _aPathitha :
_bsamaja vidya sameeksha
260 _aColombo
_bSocial Scientist Association
_c2003
300 _a150 p.,
650 _aSocial Survey
942 _cL
999 _c1391
_d1391